[Event "CAN-ch w"]
[Site "Toronto CAN"]
[Date "2025.04.17"]
[Round "1.9"]
[White "Qian, Ashley"]
[Black "Wangluo, Joanne"]
[Result "1-0"]
[WhiteElo "1943"]
[BlackElo "1541"]
[WhiteFideId "-1"]
[WhiteFideId "-1"]
[PlyCount "97"]
[GameId "2170899098864124"]
[EventDate "2025.04.17"]
[EventType "swiss"]
[EventRounds "9"]
[EventCountry "CAN"]

1. e4 c5 2. Nf3 e6 3. d4 cxd4 4. Nxd4 a6 5. Nc3 b5 6. Bd3 Bb7 7. O-O d6 8. Re1 Nf6 9. a4 b4 10. Na2 d5 11. e5 Nfd7 12. Bd2 Qb6 13. Nb3 Nc6 14. Bf4 g6 15. Be3 Qc7 16. f4 Nb6 17. Nac1 Nc4 18. Rb1 Nxe3 19. Rxe3 Na5 20. Re1 Nc4 21. Kh1 Qb6 22. Qe2 Rc8 23. Nd2 Qd4 24. Ncb3 Qxf4 25. Rf1 Qg5 26. Bxc4 dxc4 27. Na5 Bd5 28. Naxc4 Bc5 29. Ne4 Bxe4 30. Qxe4 O-O 31. Rbd1 Rfd8 32. Qe2 Rxd1 33. Rxd1 Rd8 34. Nd6 Bxd6 35. exd6 Qc5 36. Qd3 Qc6 37. h3 Qxa4 38. Qc4 Qa5 39. Qc6 Qb5 40. Qc7 Qb8 41. Qe7 Re8 42. Qf6 Qd8 43. d7 Rf8 44. Qd4 a5 45. Qd6 Kg7 46. Rd4 Kg8 47. Rc4 Qa8 48. Qxf8+ Kxf8 49. Rc8+ 1-0

[Event "CAN-ch w"]
[Site "Toronto CAN"]
[Date "2025.04.17"]
[Round "1.10"]
[White "Fu, Ashley"]
[Black "Qiao, Cindy"]
[Result "1-0"]
[WhiteElo "1535"]
[BlackElo "1896"]
[WhiteFideId "-1"]
[WhiteFideId "-1"]
[PlyCount "65"]
[GameId "2170904350587399"]
[EventDate "2025.04.17"]
[EventType "swiss"]
[EventRounds "9"]
[EventCountry "CAN"]

1. e4 e6 2. d4 d5 3. Nc3 dxe4 4. Nxe4 Nd7 5. Nf3 Ngf6 6. Nxf6+ Nxf6 7. Bd3 c5 8. c3 cxd4 9. Nxd4 Bc5 10. Nf3 Qc7 11. O-O Bd7 12. h3 O-O 13. Qe2 Bd6 14. Bg5 Bc6 15. Nd4 Kh8 16. Rad1 Rg8 17. Bc2 Bd5 18. Nb5 Bh2+ 19. Kh1 Qe5 20. Qd2 Bc4 21. Rfe1 Qxb5 22. Kxh2 Qc6 23. Qf4 Nd5 24. Qxf7 Raf8 25. Qh5 g6 26. Qh4 Qc7+ 27. Kg1 h5 28. Rxe6 Qf7 29. Qxh5+ Qh7 30. Qg4 Nf4 31. Bxf4 Rxf4 32. Qxf4 Bxe6 33. Qe5+ 1-0

[Event "CAN-ch w"]
[Site "Toronto CAN"]
[Date "2025.04.17"]
[Round "1.11"]
[White "Cabrera, Jennie"]
[Black "Sreekumar, Gayathri"]
[Result "0-1"]
[WhiteElo "1885"]
[BlackElo "1485"]
[WhiteFideId "-1"]
[WhiteFideId "-1"]
[PlyCount "103"]
[GameId "2170910019107343"]
[EventDate "2025.04.17"]
[EventType "swiss"]
[EventRounds "9"]
[EventCountry "CAN"]

1. e4 c5 2. c3 Nf6 3. e5 Nd5 4. d4 cxd4 5. cxd4 e6 6. a3 Nc6 7. Nf3 d6 8. Nc3 Nxc3 9. bxc3 dxe5 10. dxe5 Qxd1+ 11. Kxd1 Bc5 12. Ke1 O-O 13. Bb5 Bd7 14. a4 a6 15. Bd3 Rad8 16. Ke2 Ne7 17. Bg5 h6 18. Bd2 Bc6 19. Rhd1 Bxf2 20. Kxf2 Rxd3 21. Nd4 Nf5 22. Ke2 Be4 23. Nf3 Rfd8 24. Rab1 R3d5 25. c4 R5d7 26. Rbc1 Bxf3+ 27. gxf3 Nd4+ 28. Ke3 Nb3 29. Rc2 Rd3+ 30. Ke2 Rxd2+ 31. Rcxd2 Rxd2+ 32. Rxd2 Nxd2 33. Kxd2 Kf8 34. Kd3 Ke7 35. Kd4 Kd7 36. f4 Kc6 37. c5 f6 38. exf6 gxf6 39. h3 e5+ 40. fxe5 fxe5+ 41. Kxe5 Kxc5 42. Kf6 b5 43. axb5 axb5 44. h4 b4 45. Kg6 b3 46. Kxh6 b2 47. h5 b1=Q 48. Kg7 Qg1+ 49. Kh7 Qg5 50. h6 Kd6 51. Kh8 Qxh6+ 52. Kg8 0-1

[Event "CAN-ch w"]
[Site "Toronto CAN"]
[Date "2025.04.17"]
[Round "1.12"]
[White "Dolderman, Clara"]
[Black "Ruchinskaya, Valerie"]
[Result "0-1"]
[WhiteElo "1474"]
[BlackElo "1880"]
[WhiteFideId "-1"]
[WhiteFideId "-1"]
[PlyCount "56"]
[GameId "2170914577295898"]
[EventDate "2025.04.17"]
[EventType "swiss"]
[EventRounds "9"]
[EventCountry "CAN"]

1. c4 e5 2. g3 c6 3. e4 d5 4. Bg2 dxc4 5. Nc3 Na6 6. Nge2 Nb4 7. O-O Nf6 8. b3 Be6 9. Kh1 Nd3 10. h3 Bc5 11. f4 Nf2+ 12. Rxf2 Bxf2 13. f5 Bc8 14. Qf1 Bc5 15. bxc4 Qd3 16. Qe1 Qxc4 17. g4 Qd3 18. Rb1 h5 19. Qh4 Be7 20. Qg3 Qxg3 21. Nxg3 hxg4 22. Kh2 gxh3 23. Bxh3 g5 24. fxg6 Bxh3 25. gxf7+ Kxf7 26. Kg1 Bc5+ 27. Kh2 Ng4+ 28. Kh1 Bf1+ 0-1

[Event "CAN-ch w"]
[Site "Toronto CAN"]
[Date "2025.04.17"]
[Round "1.13"]
[White "Deepak, Laksshana"]
[Black "Guan, Isabelle"]
[Result "1-0"]
[WhiteElo "1854"]
[BlackElo "1454"]
[WhiteFideId "-1"]
[WhiteFideId "-1"]
[PlyCount "75"]
[GameId "2170916175170082"]
[EventDate "2025.04.17"]
[EventType "swiss"]
[EventRounds "9"]
[EventCountry "CAN"]

1. Nf3 Nc6 2. d4 e6 3. b3 Nf6 4. Bb2 b6 5. e3 Bb7 6. Be2 Bb4+ 7. c3 Be7 8. O-O O-O 9. Nbd2 d5 10. c4 Qd7 11. Rc1 Bb4 12. cxd5 exd5 13. Bb5 Qe6 14. Qc2 Ne7 15. Qxc7 Rab8 16. Qc2 Rbc8 17. Qd3 Ne4 18. Qe2 Ng6 19. a3 Bd6 20. Bd3 Rfe8 21. h3 Kh8 22. Rxc8 Rxc8 23. Rc1 Re8 24. Nb1 f5 25. Nc3 Bb8 26. g3 f4 27. gxf4 Qxh3 28. Ng5 Qd7 29. Ncxe4 dxe4 30. Bb5 Qe7 31. Qh5 Nf8 32. Bxe8 g6 33. d5+ Kg8 34. Bf7+ Qxf7 35. Nxf7 Kxf7 36. Qh6 Ke8 37. Qg7 Bxd5 38. Rc8# 1-0

[Event "CAN-ch w"]
[Site "Toronto CAN"]
[Date "2025.04.17"]
[Round "1.14"]
[White "Geillon-Barral, Roween"]
[Black "Fiset, Anais Chloe"]
[Result "0-1"]
[WhiteElo "1448"]
[BlackElo "1808"]
[WhiteFideId "-1"]
[WhiteFideId "-1"]
[PlyCount "138"]
[GameId "2170921415248429"]
[EventDate "2025.04.17"]
[EventType "swiss"]
[EventRounds "9"]
[EventCountry "CAN"]

1. e4 c6 2. d4 d5 3. exd5 cxd5 4. Nf3 Nc6 5. h3 Bf5 6. c3 e6 7. Bf4 Bd6 8. Bh2 Bxh2 9. Nxh2 Nf6 10. Nd2 O-O 11. Be2 Rb8 12. O-O b5 13. a3 a5 14. b4 a4 15. Nhf3 Qd6 16. Re1 Rfc8 17. Rc1 Qf4 18. g3 Qc7 19. Bf1 Qb6 20. Kh1 Rc7 21. Nh4 Be4+ 22. f3 Bg6 23. Nxg6 hxg6 24. Qe2 Nh5 25. Qh2 Rbc8 26. g4 Nf6 27. Ra1 Re8 28. Bxb5 Ra7 29. Bxc6 Qxc6 30. Rac1 Rae7 31. Kg1 Nd7 32. f4 g5 33. Nf3 gxf4 34. Qxf4 f6 35. Qd2 e5 36. dxe5 fxe5 37. Red1 Nb6 38. Ng5 Rf8 39. Qd3 Qh6 40. Qd2 Rf4 41. c4 Qxg5 42. c5 Nc4 43. Qxd5+ Ref7 44. Rxc4 Rxc4 45. Qxc4 Qe3+ 46. Kh2 Qf2+ 47. Kh1 Qf3+ 48. Kh2 Qxd1 49. Qa2 Kf8 50. Qg2 Qf3 51. c6 Qf4+ 52. Qg3 Qd2+ 53. Kg1 Qd1+ 54. Kh2 Qc2+ 55. Kh1 Rf1+ 56. Qg1 Qe4+ 57. Kh2 Rxg1 58. Kxg1 Qxc6 59. Kf2 Qc2+ 60. Kg1 Qc1+ 61. Kf2 Qxa3 62. b5 Qb2+ 63. Kg3 a3 64. b6 a2 65. b7 Qxb7 66. Kh4 a1=Q 67. Kh5 Qf7+ 68. Kg5 Qf6+ 69. Kh5 Qh6# 0-1

[Event "CAN-ch w"]
[Site "Toronto CAN"]
[Date "2025.04.17"]
[Round "1.15"]
[White "Zhang, Michelle"]
[Black "Xiao, Stephanie"]
[Result "1-0"]
[WhiteElo "1793"]
[BlackElo "1405"]
[WhiteFideId "-1"]
[WhiteFideId "-1"]
[PlyCount "71"]
[GameId "2170925472811577"]
[EventDate "2025.04.17"]
[EventType "swiss"]
[EventRounds "9"]
[EventCountry "CAN"]

1. e4 c5 2. Nf3 Nc6 3. d4 cxd4 4. Nxd4 Nf6 5. Nc3 e5 6. Ndb5 d6 7. a4 a6 8. Na3 Be7 9. Bc4 O-O 10. O-O Be6 11. Re1 Nd4 12. Be3 Bxc4 13. Nxc4 b5 14. axb5 axb5 15. Rxa8 Qxa8 16. Nb6 Qa7 17. Nbd5 Rb8 18. Nxf6+ Bxf6 19. Nd5 Qd7 20. Nxf6+ gxf6 21. Bxd4 exd4 22. Qxd4 Qe6 23. Rd1 Rc8 24. c3 Rc4 25. Qxd6 Rxe4 26. Qxe6 fxe6 27. Kf1 Kg7 28. Re1 f5 29. Rxe4 fxe4 30. Ke2 Kf6 31. Ke3 Ke5 32. b3 h6 33. g4 Kd5 34. h4 Ke5 35. c4 bxc4 36. bxc4 1-0

[Event "CAN-ch w"]
[Site "Toronto CAN"]
[Date "2025.04.17"]
[Round "1.16"]
[White "Auger, Anastasia"]
[Black "Dela Torre, Marife"]
[Result "0-1"]
[WhiteElo "1618"]
[BlackElo "1789"]
[WhiteFideId "-1"]
[WhiteFideId "-1"]
[PlyCount "120"]
[GameId "2170932305001028"]
[EventDate "2025.04.17"]
[EventType "swiss"]
[EventRounds "9"]
[EventCountry "CAN"]

1. e4 c6 2. Nc3 d5 3. exd5 cxd5 4. d4 Nc6 5. Bf4 Bf5 6. Nf3 Nf6 7. Bd3 Bg4 8. Be2 e6 9. O-O Be7 10. Re1 O-O 11. h3 Bh5 12. Ne5 Bxe2 13. Rxe2 Nxe5 14. Bxe5 Qd7 15. Qd3 a6 16. Rf1 b5 17. f4 b4 18. Nd1 Ne4 19. f5 exf5 20. Qf3 g6 21. Ne3 f6 22. Bh2 Bd6 23. g4 Bxh2+ 24. Rxh2 fxg4 25. Nxg4 Rac8 26. h4 Rc4 27. Rd1 Qd6 28. Rg2 Qb6 29. Qd3 Rc7 30. Ne3 Qd6 31. Nf5 Qe6 32. Nh6+ Kh8 33. Ng4 h5 34. Ne3 f5 35. Qb3 Rd8 36. Rf1 a5 37. Nd1 Qf6 38. Qe3 Kh7 39. Rf4 Re7 40. Qd3 Qd6 41. Rf3 Rde8 42. c3 Nf6 43. Ne3 Re4 44. Nc2 bxc3 45. Qxc3 Rg4 46. Qxa5 Rxg2+ 47. Kxg2 Re2+ 48. Rf2 Rxf2+ 49. Kxf2 Qh2+ 50. Ke1 Qxc2 51. Qd8 Qe4+ 52. Kf1 Qb1+ 53. Ke2 Qxb2+ 54. Ke1 Qa1+ 55. Ke2 Qxa2+ 56. Ke1 Qb1+ 57. Ke2 Qe4+ 58. Kf1 Qxh4 59. Qe7+ Kh6 60. Qf8+ Kg5 0-1

[Event "CAN-ch w"]
[Site "Toronto CAN"]
[Date "2025.04.17"]
[Round "1.17"]
[White "Zhou, Lily"]
[Black "Malaviya, Bhakti"]
[Result "1/2-1/2"]
[WhiteElo "1765"]
[BlackElo "1486"]
[WhiteFideId "-1"]
[WhiteFideId "-1"]
[PlyCount "61"]
[GameId "2170934636784555"]
[EventDate "2025.04.17"]
[EventType "swiss"]
[EventRounds "9"]
[EventCountry "CAN"]

1. d4 c6 2. c4 d5 3. cxd5 cxd5 4. Nc3 Nc6 5. Nf3 Nf6 6. Bg5 Bf5 7. Qb3 Na5 8. Qb5+ Bd7 9. Qd3 e6 10. e3 Be7 11. Qc2 Rc8 12. Bd3 h6 13. Bh4 O-O 14. O-O b5 15. Qd1 Nc4 16. Bxc4 bxc4 17. Ne5 Re8 18. f4 Nh7 19. Bxe7 Qxe7 20. Rf3 Nf8 21. Rg3 f6 22. Nxd7 Nxd7 23. Qh5 Kh7 24. f5 exf5 25. Qxf5+ Kh8 26. Nxd5 Qf7 27. Nf4 c3 28. bxc3 Rxc3 29. Re1 Nf8 30. Qa5 Rec8 31. e4 1/2-1/2

[Event "CAN-ch w"]
[Site "Toronto CAN"]
[Date "2025.04.17"]
[Round "1.18"]
[White "Li, Alyssa"]
[Black "Butenko, Zlata"]
[Result "0-1"]
[WhiteElo "1464"]
[BlackElo "1764"]
[WhiteFideId "-1"]
[WhiteFideId "-1"]
[PlyCount "56"]
[GameId "2170936591080371"]
[EventDate "2025.04.17"]
[EventType "swiss"]
[EventRounds "9"]
[EventCountry "CAN"]

1. e4 e5 2. Nf3 Nc6 3. Bc4 Nf6 4. Ng5 d5 5. exd5 Na5 6. Bb5+ c6 7. dxc6 bxc6 8. Qf3 Be7 9. Bd3 h6 10. Ne4 Nd5 11. a3 O-O 12. O-O f5 13. Ng3 e4 14. Nxe4 fxe4 15. Qxe4 Bf5 16. Qf3 Bg6 17. Qg3 Nf4 18. Nc3 Bh4 19. Qe3 Nxd3 20. cxd3 Bxd3 21. Ne4 Bxf1 22. Kxf1 Qd5 23. d3 Rae8 24. g3 Bd8 25. Kg2 Bb6 26. Qd2 Rxf2+ 27. Qxf2 Bxf2 28. Kxf2 Qxd3 0-1

[Event "CAN-ch w"]
[Site "Toronto CAN"]
[Date "2025.04.17"]
[Round "1.19"]
[White "Poorna Prakash, Roshini"]
[Black "Divadalage, Sanya"]
[Result "1-0"]
[WhiteElo "1748"]
[BlackElo "1424"]
[WhiteFideId "-1"]
[WhiteFideId "-1"]
[PlyCount "103"]
[GameId "2170954357812161"]
[EventDate "2025.04.17"]
[EventType "swiss"]
[EventRounds "9"]
[EventCountry "CAN"]

1. d4 g6 2. Nf3 Bg7 3. Bg5 d6 4. Nbd2 Nf6 5. c3 O-O 6. e4 Nc6 7. Bd3 e5 8. dxe5 dxe5 9. Nc4 Re8 10. Qd2 h6 11. Bh4 Bg4 12. Qe2 g5 13. Bg3 Nd7 14. h3 Be6 15. Ne3 Nc5 16. Bc2 Qd7 17. b4 Nxe4 18. Bxe4 f5 19. Rd1 Qf7 20. Bxc6 bxc6 21. Bh2 f4 22. Nc2 e4 23. Nfd4 Bxa2 24. Qg4 Qc4 25. Qe2 Qxc3+ 26. Qd2 Qb2 27. O-O Rad8 28. Rfe1 a5 29. Qe2 f3 30. Qe3 axb4 31. Rd2 fxg2 32. Bxc7 Rd7 33. Bb6 Qc3 34. Qxc3 bxc3 35. Rde2 Bd5 36. Nf5 Bc4 37. Re3 Rf8 38. Nxg7 Kxg7 39. Bd4+ Kg8 40. Rxc3 Bd3 41. Be3 Bxc2 42. Rxc2 Rdf7 43. Rxc6 Rf3 44. Kxg2 R8f6 45. Rc4 Re6 46. Rd1 Rf5 47. Rdd4 Rfe5 48. Rd7 h5 49. Bd4 Rf5 50. Rcc7 Kf8 51. Rh7 Ke8 52. Rc8# 1-0

[Event "CAN-ch w"]
[Site "Toronto CAN"]
[Date "2025.04.17"]
[Round "1.20"]
[White "Yuan, Arianna"]
[Black "Chen, Shuang"]
[Result "0-1"]
[WhiteElo "1421"]
[BlackElo "1723"]
[WhiteFideId "-1"]
[WhiteFideId "-1"]
[PlyCount "82"]
[GameId "2170957075590092"]
[EventDate "2025.04.17"]
[EventType "swiss"]
[EventRounds "9"]
[EventCountry "CAN"]

1. d4 d5 2. Bf4 Nf6 3. Nf3 c5 4. e3 Qb6 5. b3 Nc6 6. Bd3 e6 7. O-O Bd7 8. Nc3 cxd4 9. Nb5 Rc8 10. Nbxd4 Bc5 11. c3 O-O 12. Ne5 Qd8 13. Nxd7 Qxd7 14. Nxc6 Qxc6 15. Be5 Nd7 16. Bg3 Bd6 17. f4 Qxc3 18. e4 Nc5 19. Rf3 Qb4 20. a3 Qxb3 21. Bc2 Qc4 22. e5 Be7 23. Rc1 Ne4 24. h3 Kh8 25. Kh2 Nc3 26. Qd3 Qxd3 27. Bxd3 Bxa3 28. Ra1 Bc5 29. f5 Bd4 30. Re1 a5 31. Rf4 Bc5 32. Ref1 b5 33. fxe6 fxe6 34. Rh4 Rxf1 35. Bxf1 a4 36. Bd3 h6 37. Bf4 a3 38. Bxh6 gxh6 39. Rxh6+ Kg7 40. Rxe6 a2 41. Ra6 Na4 0-1

[Event "CAN-ch w"]
[Site "Toronto CAN"]
[Date "2025.04.17"]
[Round "1.21"]
[White "Yancey, Alice"]
[Black "Yeung, Marissa"]
[Result "1-0"]
[WhiteElo "1690"]
[BlackElo "1413"]
[WhiteFideId "-1"]
[WhiteFideId "-1"]
[PlyCount "25"]
[GameId "2170959225224148"]
[EventDate "2025.04.17"]
[EventType "swiss"]
[EventRounds "9"]
[EventCountry "CAN"]

1. e4 e5 2. Nf3 Nc6 3. d4 f6 4. Bc4 Bb4+ 5. c3 Ba5 6. dxe5 fxe5 7. Ng5 Nh6 8. Qh5+ Ke7 9. Nf7 Nxf7 10. Qxf7+ Kd6 11. Qd5+ Ke7 12. Bg5+ Ke8 13. Qf7# 1-0

[Event "CAN-ch w"]
[Site "Toronto CAN"]
[Date "2025.04.18"]
[Round "2.1"]
[White "Fiset, Anais Chloe"]
[Black "Li, Yunshan"]
[Result "0-1"]
[WhiteElo "1808"]
[BlackElo "2233"]
[WhiteFideId "-1"]
[WhiteFideId "-1"]
[PlyCount "84"]
[GameId "2170886505567704"]
[EventDate "2025.04.17"]
[EventType "swiss"]
[EventRounds "9"]
[EventCountry "CAN"]

1. e4 c5 2. Nf3 e6 3. d4 cxd4 4. Nxd4 Nc6 5. Bf4 a6 6. Nxc6 bxc6 7. Bd3 d5 8. Nd2 Nf6 9. O-O g6 10. c4 Bg7 11. h3 O-O 12. e5 Nd7 13. Qe2 Nc5 14. Bb1 a5 15. Rd1 Ba6 16. Qe3 d4 17. Qg3 Qb6 18. b3 a4 19. h4 Bb7 20. Bc2 Rfd8 21. Bg5 Rd7 22. Ne4 Nxe4 23. Bxe4 c5 24. Bc2 axb3 25. Bxb3 Qc7 26. Bf4 h5 27. Bc2 Bc6 28. a4 Qd8 29. Ra3 Rda7 30. Rda1 Qd7 31. Bd1 Kh8 32. a5 Qc7 33. a6 Qc8 34. Qg5 Rxa6 35. Rxa6 Rxa6 36. Rb1 Be4 37. Rb5 Ra1 38. Bc1 Qc7 39. f3 Bd3 40. Bb3 Qxe5 41. Qd2 Qe3+ 42. Kh2 Rxc1 0-1

[Event "CAN-ch w"]
[Site "Toronto CAN"]
[Date "2025.04.18"]
[Round "2.2"]
[White "Golubeva, Oksana"]
[Black "Zhang, Michelle"]
[Result "1-0"]
[WhiteElo "2132"]
[BlackElo "1793"]
[WhiteFideId "-1"]
[WhiteFideId "-1"]
[PlyCount "51"]
[GameId "2170886505559511"]
[EventDate "2025.04.17"]
[EventType "swiss"]
[EventRounds "9"]
[EventCountry "CAN"]

1. Nf3 d5 2. e3 Nf6 3. c4 c6 4. Nc3 e6 5. b3 Nbd7 6. Be2 Bd6 7. Bb2 a6 8. Qc2 e5 9. cxd5 cxd5 10. g4 Nc5 11. g5 Nfe4 12. Nxd5 Be6 13. Nc3 Bf5 14. Nh4 Nxf2 15. Qxf5 Nxh1 16. O-O-O Ne6 17. Ne4 Rc8+ 18. Kb1 Nf2 19. Rf1 O-O 20. Rxf2 Qc7 21. Nf6+ gxf6 22. gxf6 Kh8 23. Bd3 Ng5 24. Nf3 Rg8 25. Nxg5 Rg6 26. Qh3 1-0

[Event "CAN-ch w"]
[Site "Toronto CAN"]
[Date "2025.04.18"]
[Round "2.3"]
[White "Dela Torre, Marife"]
[Black "Demchenko, Svitlana"]
[Result "0-1"]
[WhiteElo "1789"]
[BlackElo "2130"]
[WhiteFideId "-1"]
[WhiteFideId "-1"]
[PlyCount "58"]
[GameId "2170886505567705"]
[EventDate "2025.04.17"]
[EventType "swiss"]
[EventRounds "9"]
[EventCountry "CAN"]

1. e4 c5 2. Nf3 e6 3. g3 d5 4. exd5 exd5 5. d4 Nc6 6. Bg2 Bg4 7. c3 Nf6 8. O-O cxd4 9. h3 Bxf3 10. Bxf3 Qb6 11. Nd2 Be7 12. Nb3 dxc3 13. bxc3 O-O 14. Be3 Qc7 15. Bg2 Rfd8 16. Rc1 Rac8 17. Nd4 a6 18. Nf5 Ba3 19. Rb1 Qe5 20. Rb3 Bf8 21. Qd3 Ne4 22. g4 b5 23. Bb6 Nc5 24. Qd1 Nxb3 25. Bxd8 Rxd8 26. Qxb3 g6 27. Ne3 d4 28. Bxc6 dxe3 29. f4 Qc5 0-1

[Event "CAN-ch w"]
[Site "Toronto CAN"]
[Date "2025.04.18"]
[Round "2.4"]
[White "Kucherenko, Olena"]
[Black "Poorna Prakash, Roshini"]
[Result "1-0"]
[WhiteElo "2049"]
[BlackElo "1748"]
[WhiteFideId "-1"]
[WhiteFideId "-1"]
[PlyCount "53"]
[GameId "2170886505567706"]
[EventDate "2025.04.17"]
[EventType "swiss"]
[EventRounds "9"]
[EventCountry "CAN"]

1. e4 c5 2. Nc3 Nc6 3. d3 e6 4. g3 Nf6 5. Bg2 d5 6. exd5 exd5 7. Nge2 Be7 8. Nf4 d4 9. Ncd5 O-O 10. O-O Kh8 11. Nxf6 Bxf6 12. Be4 Ne5 13. h3 g6 14. Bg2 Rb8 15. Ne2 b6 16. Bh6 Bg7 17. Bxg7+ Kxg7 18. f4 Nd7 19. f5 g5 20. Qd2 h6 21. g4 Nf6 22. Ng3 Nd5 23. Bxd5 Qxd5 24. f6+ Kg6 25. Ne4 Bb7 26. Rf5 Qe6 27. Rxg5+ 1-0

[Event "CAN-ch w"]
[Site "Toronto CAN"]
[Date "2025.04.18"]
[Round "2.5"]
[White "Butenko, Zlata"]
[Black "Starr, Nava"]
[Result "1-0"]
[WhiteElo "1764"]
[BlackElo "2048"]
[WhiteFideId "-1"]
[WhiteFideId "-1"]
[PlyCount "95"]
[GameId "2170886505567707"]
[EventDate "2025.04.17"]
[EventType "swiss"]
[EventRounds "9"]
[EventCountry "CAN"]

1. e4 g6 2. d4 Bg7 3. Nc3 c6 4. f4 d5 5. e5 Nh6 6. Nf3 Bg4 7. Be3 O-O 8. h3 Bxf3 9. Qxf3 f6 10. Qe2 Na6 11. O-O-O Nc7 12. g4 Ne6 13. Qd2 fxe5 14. dxe5 Nf7 15. Ne2 Qc7 16. h4 b6 17. h5 g5 18. f5 Qxe5 19. c3 Nc5 20. Bd4 Qd6 21. Bxg7 Kxg7 22. Nd4 Kg8 23. Re1 Ne4 24. Qe3 Qf6 25. Bg2 Nfd6 26. Bxe4 Nxe4 27. Ne6 Rfc8 28. h6 Kf7 29. Ng7 Rg8 30. Nh5 Qd6 31. Ng7 Rac8 32. Ne6 Qe5 33. Nxg5+ Rxg5 34. Qxg5 Nxg5 35. Rxe5 Kf6 36. Re3 Ne4 37. Rg1 Rg8 38. c4 Ke5 39. cxd5 cxd5 40. Rd3 Rc8+ 41. Kb1 Rd8 42. Rc1 Rd7 43. Rf1 Rd6 44. Rfd1 Nf2 45. Re1+ Ne4 46. Red1 Nf2 47. Re1+ Ne4 48. Red1 1-0

[Event "CAN-ch w"]
[Site "Toronto CAN"]
[Date "2025.04.18"]
[Round "2.6"]
[White "Mills, Morgen"]
[Black "Yancey, Alice"]
[Result "1-0"]
[WhiteElo "2013"]
[BlackElo "1690"]
[WhiteFideId "-1"]
[WhiteFideId "-1"]
[PlyCount "113"]
[GameId "2170886505567708"]
[EventDate "2025.04.17"]
[EventType "swiss"]
[EventRounds "9"]
[EventCountry "CAN"]

1. e4 c5 2. Nf3 e6 3. d4 cxd4 4. Nxd4 Nc6 5. Nxc6 bxc6 6. Bd3 d5 7. O-O Nf6 8. Nd2 Be7 9. Qe2 O-O 10. b3 a5 11. a4 Qb6 12. Bb2 Ba6 13. Bxa6 Qxa6 14. Qxa6 Rxa6 15. Rad1 Rd8 16. e5 Nd7 17. Rfe1 Rc8 18. Kf1 c5 19. Ba3 Kf8 20. f4 Nb6 21. Ke2 c4 22. Bxe7+ Kxe7 23. Nf3 cxb3 24. cxb3 Rc2+ 25. Rd2 Rxd2+ 26. Kxd2 Nd7 27. Rc1 f6 28. Rc8 fxe5 29. Nxe5 Nxe5 30. fxe5 Ra7 31. Rb8 Kf7 32. Rb6 Re7 33. Ke3 Kg6 34. Kd4 Kf5 35. Rb8 Rc7 36. Rf8+ Kg6 37. Re8 Rc6 38. Re7 Rc2 39. Rxe6+ Kf7 40. Ra6 Rd2+ 41. Kc5 d4 42. Kd6 Re2 43. Ra7+ Kg6 44. Rxa5 d3 45. Rd5 d2 46. b4 Kf7 47. b5 Rxg2 48. b6 Rxh2 49. a5 h5 50. b7 d1=Q 51. Rxd1 Rb2 52. a6 h4 53. a7 Rxb7 54. a8=Q Rb6+ 55. Kc5 Re6 56. Rd7+ Kg6 57. Qg2+ 1-0

[Event "CAN-ch w"]
[Site "Toronto CAN"]
[Date "2025.04.18"]
[Round "2.7"]
[White "Xie, Irene"]
[Black "Fu, Ashley"]
[Result "1-0"]
[WhiteElo "1949"]
[BlackElo "1535"]
[WhiteFideId "-1"]
[WhiteFideId "-1"]
[PlyCount "131"]
[GameId "2170994211950934"]
[EventDate "2025.04.17"]
[EventType "swiss"]
[EventRounds "9"]
[EventCountry "CAN"]

1. e4 c5 2. Nf3 Nc6 3. Bb5 d6 4. Bxc6+ bxc6 5. O-O e5 6. d3 Nf6 7. b3 g6 8. Nbd2 Bg7 9. Bb2 O-O 10. Nc4 Re8 11. Nfd2 Nh5 12. Kh1 Nf4 13. g3 Nh5 14. Qe2 d5 15. Ne3 d4 16. Ng2 Qg5 17. Ba3 Bf8 18. Nc4 f5 19. exf5 Bxf5 20. Bc1 Qd8 21. f3 Nf6 22. Bd2 Qd5 23. Rae1 Bd6 24. g4 Bd7 25. Bg5 Kg7 26. Qd2 Bc7 27. Qe2 a5 28. a4 h6 29. Bh4 g5 30. Bg3 Re7 31. Qd2 Re6 32. Kg1 Ne8 33. Nge3 dxe3 34. Nxe3 Qd4 35. c3 Qd6 36. Nf5+ Kg8 37. Nxd6 Bxd6 38. h4 gxh4 39. Bxh4 Ng7 40. Re4 Rb8 41. Bg3 Rf8 42. Kg2 Kh7 43. Rfe1 Rfe8 44. R1e2 Kg6 45. d4 cxd4 46. cxd4 Bb4 47. Qd3 Kf7 48. Rxe5 Rxe5 49. Rxe5 Rxe5 50. Bxe5 Be7 51. Qh7 Bf8 52. Qxh6 Kg8 53. g5 Nf5 54. Qh8+ Kf7 55. g6+ Kxg6 56. Qf6+ Kh7 57. Qxf8 Nh4+ 58. Kf2 Nf5 59. Qf7+ Kh6 60. Qxd7 Kg6 61. Qe6+ Kg5 62. Qf6+ Kh5 63. Qxf5+ Kh6 64. f4 c5 65. Qg5+ Kh7 66. Qg7# 1-0

[Event "CAN-ch w"]
[Site "Toronto CAN"]
[Date "2025.04.18"]
[Round "2.8"]
[White "Chen, Shuang"]
[Black "Qian, Ashley"]
[Result "0-1"]
[WhiteElo "1723"]
[BlackElo "1943"]
[WhiteFideId "-1"]
[WhiteFideId "-1"]
[PlyCount "140"]
[GameId "2174929847725901"]
[EventDate "2025.04.17"]
[EventType "swiss"]
[EventRounds "9"]
[EventCountry "CAN"]

1. e4 c5 2. Nf3 d6 3. Bb5+ Bd7 4. Bxd7+ Qxd7 5. O-O Nc6 6. c3 Nf6 7. Qe2 e6 8. d4 cxd4 9. cxd4 d5 10. e5 Ne4 11. Be3 Be7 12. Ne1 f6 13. f3 Ng5 14. Nd3 O-O 15. Nc3 Rac8 16. Rac1 b6 17. Bf2 Nf7 18. f4 f5 19. Kh1 Na5 20. Rg1 Kh8 21. g4 fxg4 22. Qxg4 Rg8 23. Qf3 Nh6 24. Ne2 Nc4 25. Ng3 Bh4 26. Nh5 Bxf2 27. Qxf2 Nf5 28. Ng3 Qf7 29. Rge1 Qg6 30. b3 Na5 31. Nb4 h6 32. Rg1 Nxg3+ 33. hxg3 Qe4+ 34. Kh2 Rgf8 35. Rge1 Qf5 36. Qe2 Rg8 37. Qa6 Rcf8 38. Rf1 g5 39. fxg5 Qxg5 40. Qd3 h5 41. Rc7 Qh6 42. Rf6 Rxf6 43. exf6 h4 44. Rg7 hxg3+ 45. Kxg3 Rxg7+ 46. fxg7+ Kxg7 47. Qc3 Qg5+ 48. Kh3 Qf5+ 49. Kg3 Kg6 50. Nd3 Qg5+ 51. Kf2 Qh4+ 52. Kg2 Qg4+ 53. Kh2 Qe2+ 54. Kg3 Qe3+ 55. Kg4 Kf6 56. b4 Nc4 57. a4 Qg1+ 58. Kf3 Qh1+ 59. Kf2 Qh2+ 60. Ke1 Qg1+ 61. Ke2 Qe3+ 62. Kd1 Qxd3+ 63. Qxd3 Nb2+ 64. Kd2 Nxd3 65. Kxd3 Kf5 66. a5 b5 67. Ke3 Kg4 68. Kd3 Kf3 69. Kd2 Ke4 70. Kc3 a6 0-1

[Event "CAN-ch w"]
[Site "Toronto CAN"]
[Date "2025.04.18"]
[Round "2.9"]
[White "Ruchinskaya, Valerie"]
[Black "Cloutier, Annabelle"]
[Result "1-0"]
[WhiteElo "1880"]
[BlackElo "1401"]
[WhiteFideId "-1"]
[WhiteFideId "-1"]
[PlyCount "142"]
[GameId "2171087894540681"]
[EventDate "2025.04.17"]
[EventType "swiss"]
[EventRounds "9"]
[EventCountry "CAN"]

1. d4 Nf6 2. c4 c5 3. d5 e5 4. Nc3 d6 5. e4 Nbd7 6. g3 g6 7. Bg2 Bg7 8. Nge2 O-O 9. O-O a6 10. a3 b5 11. cxb5 axb5 12. Nxb5 Qb6 13. Nec3 Ba6 14. a4 Rfc8 15. Be3 Qb8 16. f3 Ne8 17. Bh3 Qb7 18. Rf2 Rd8 19. b3 Nb6 20. Bf1 f5 21. Rb1 Nf6 22. b4 cxb4 23. Rxb4 Rab8 24. Rfb2 Bf8 25. Na3 Bxf1 26. Qxf1 Qc7 27. Bxb6 Qxc3 28. Nb1 Qc8 29. Rc4 Qb7 30. a5 Rdc8 31. Rbc2 Rxc4 32. Qxc4 Nd7 33. Qc6 Nxb6 34. Qxb7 Rxb7 35. Rb2 Bh6 36. Kf2 Be3+ 37. Ke2 Bd4 38. Rb5 Kf7 39. Nd2 Kf6 40. axb6 Rxb6 41. Rxb6 Bxb6 42. Nc4 Bc5 43. Na5 Bg1 44. Kf1 Bc5 45. Kg2 f4 46. Nc6 h5 47. Nd8 g5 48. h3 fxg3 49. Kxg3 Be3 50. Kg2 h4 51. Kf1 Ke7 52. Ne6 Kd7 53. Ke2 Bf4 54. Kd3 Kc8 55. Kc4 Kb7 56. Kb5 Be3 57. Nd8+ Kc7 58. Nc6 Kb7 59. Ne7 Kc7 60. Nf5 Bf2 61. Ka6 Bc5 62. Ng7 Be3 63. Kb5 Kb7 64. Nf5 Bc5 65. Nh6 Kc7 66. Ng4 Kb7 67. Nxe5 Be3 68. Nf7 Bf4 69. Nd8+ Kc7 70. Ne6+ Kd7 71. Nxf4 gxf4 1-0